[Event "Wiesbaden op 32nd"]
[Site "Wiesbaden"]
[Date "2023.08.25"]
[Round "2"]
[White "Mulder, Bart Piet"]
[Black "Rudolph, Lukas"]
[Result "0-1"]
[WhiteElo "2123"]
[BlackElo "1864"]
[PlyCount "112"]
[EventDate "2023.08.24"]
[EventType "swiss"]
[EventRounds "7"]
[EventCountry "GER"]
[SourceTitle "CBM 216 Extra"]
[Source "ChessBase"]
[SourceDate "2023.11.30"]
[SourceVersion "1"]
[SourceVersionDate "2023.11.30"]
[SourceQuality "1"]

1. d4 d5 2. Nf3 Nf6 3. g3 c6 4. Bg2 Bf5 5. c4 e6 6. Qb3 Qb6 7. Nc3 dxc4 8. Qxc4 Nbd7 9. 0-0 Be7 10. Nh4 Bg6 11. Nxg6 hxg6 12. e4 0-0 13. Bf4 Rac8 14. Rfd1 Rfd8 15. Qe2 Re8 16. Rac1 Bb4 17. a3 Bf8 18. Qd2 e5 19. dxe5 Nxe5 20. Qe2 c5 21. h3 Nc6 22. Qc4 Na5 23. Qb5 Qxb5 24. Nxb5 a6 25. Nc3 Nb3 26. Rb1 Nh5 27. Bd6 Nd4 28. Bxf8 Kxf8 29. Kf1 Rb8 30. Nd5 Nf6 31. Nb6 Rbd8 32. f3 Nb3 33. Ke2 Nh5 34. Kf2 g5 35. Nc4 b5 36. Nd6 Re7 37. Nf5 Red7 38. Ne3 Rd2+ 39. Ke1 Nxg3 40. Rxd2 Rxd2 41. Bf1 c4 42. a4 f6 43. axb5 axb5 44. e5 fxe5 45. Nxc4 Nxf1 46. Nxd2 Nfxd2 47. Rd1 Nxf3+ 48. Kf2 Nfd4 49. Ke3 Ke7 50. Rg1 Kf6 51. Ke4 Nd2+ 52. Kd5 N4f3 53. Ra1 e4 54. Ra8 e3 55. Re8 Nf1 56. Ke4 Kf7 0-1

[Event "Wiesbaden op 32nd"]
[Site "Wiesbaden"]
[Date "2023.08.25"]
[Round "3"]
[White "Rudolph, Lukas"]
[Black "Nagel, Bernhard"]
[Result "1/2-1/2"]
[WhiteElo "1864"]
[BlackElo "2146"]
[PlyCount "127"]
[EventDate "2023.08.24"]
[EventType "swiss"]
[EventRounds "7"]
[EventCountry "GER"]
[SourceTitle "CBM 216 Extra"]
[Source "ChessBase"]
[SourceDate "2023.11.30"]
[SourceVersion "1"]
[SourceVersionDate "2023.11.30"]
[SourceQuality "1"]

1. e4 e6 2. d4 d5 3. Nd2 c5 4. c3 cxd4 5. cxd4 dxe4 6. Nxe4 Bd7 7. Nf3 Bb4+ 8. Bd2 Bxd2+ 9. Qxd2 Bc6 10. Bd3 Nf6 11. Qe2 Nxe4 12. Bxe4 Qa5+ 13. Nd2 Bxe4 14. Qxe4 Nc6 15. Qe3 Rd8 16. 0-0 0-0 17. Nb3 Qb6 18. Rfd1 Rd5 19. Rd2 Rfd8 20. Rad1 h5 21. h3 Qb4 22. a3 Qe7 23. Qc3 Qf6 24. Rd3 h4 25. R1d2 Ne7 26. Qc7 R5d7 27. Qa5 b6 28. Qh5 Rd5 29. Qe2 Rg5 30. Qe4 Qg6 31. Qxg6 Nxg6 32. Rf3 Rgd5 33. Rc2 R5d7 34. Rfc3 Kf8 35. Rc8 Ke7 36. Kf1 Rxc8 37. Rxc8 Nf4 38. Rc3 Kd6 39. Nd2 f6 40. Nf3 g5 41. Nd2 Ke7 42. Nf3 Kd8 43. Re3 Rd6 44. Rc3 Kd7 45. a4 Nd5 46. Rc1 Rc6 47. Rxc6 Kxc6 48. Nd2 Nf4 49. Ne4 Nd3 50. b3 Kd5 51. Nxf6+ Kxd4 52. Nh7 Nc5 53. b4 Ne4 54. f3 Ng3+ 55. Kf2 Kc4 56. a5 Kxb4 57. axb6 axb6 58. Nxg5 e5 59. Nf7 e4 60. fxe4 Nxe4+ 61. Kf3 Nf6 62. Kf4 Kc5 63. Ne5 b5 64. Kg5 1/2-1/2

[Event "Wiesbaden op 32nd"]
[Site "Wiesbaden"]
[Date "2023.08.24"]
[Round "1"]
[White "Rudolph, Lukas"]
[Black "Henzelmann, Matthias"]
[Result "1-0"]
[WhiteElo "1864"]
[BlackElo "1443"]
[PlyCount "71"]
[EventDate "2023.08.24"]
[EventType "swiss"]
[EventRounds "7"]
[EventCountry "GER"]
[SourceTitle "CBM 216 Extra"]
[Source "ChessBase"]
[SourceDate "2023.11.30"]
[SourceVersion "1"]
[SourceVersionDate "2023.11.30"]
[SourceQuality "1"]

1. e4 c5 2. Nc3 e6 3. d3 Nc6 4. g3 d5 5. Bg2 Nf6 6. exd5 Nxd5 7. Nge2 Bd6 8. Nxd5 exd5 9. Bxd5 0-0 10. Bg2 Re8 11. Be3 Qf6 12. Nc3 Bd7 13. 0-0 Rac8 14. Ne4 Qe7 15. Re1 b6 16. Bg5 Qf8 17. Qh5 h6 18. Bxh6 Rxe4 19. Rxe4 gxh6 20. Rae1 Ne7 21. Bh3 Bxh3 22. Qxh3 Rd8 23. Rh4 Kh7 24. Ree4 Ng6 25. Rh5 Qg7 26. Qf5 Qxb2 27. Reh4 Qc1+ 28. Kg2 Kg8 29. Rxh6 Nxh4+ 30. Rxh4 Qb2 31. Qg5+ Qg7 32. Qxd8+ Qf8 33. Rg4+ Kh7 34. Qg5 Be7 35. Rh4+ Qh6 36. Rxh6# 1-0

[Event "GER-ch Net blitz sf"]
[Site "Playchess.com INT"]
[Date "2021.06.05"]
[Round "7"]
[White "Buchenau, Frank"]
[Black "Rudolph, Lukas"]
[Result "1-0"]
[WhiteElo "2178"]
[BlackElo "2072"]
[PlyCount "92"]
[EventDate "2021.06.05"]
[EventType "swiss (blitz)"]
[EventRounds "13"]
[EventCountry "GER"]
[SourceTitle "EXT 2023"]
[Source "ChessBase"]
[SourceDate "2022.10.05"]
[SourceVersion "1"]
[SourceVersionDate "2022.10.05"]
[SourceQuality "1"]

1. e4 d5 2. exd5 Qxd5 3. Nc3 Qa5 4. d4 c6 5. Nf3 Nf6 6. Bc4 Bf5 7. Bd2 e6 8. Nd5 Qd8 9. Nxf6+ Qxf6 10. Qe2 Bg4 11. d5 Bxf3 12. gxf3 cxd5 13. Bxd5 Nc6 14. Bxc6+ bxc6 15. Qe4 Rc8 16. 0-0-0 Ba3 17. c3 Be7 18. Rhg1 g6 19. Bg5 Qf5 20. Qd4 Bxg5+ 21. Rxg5 Qxg5+ 22. f4 Qe7 23. Qxh8+ Qf8 24. Qxf8+ Kxf8 25. Rd7 Ra8 26. Rc7 Ke8 27. Rxc6 Kd7 28. Ra6 Ke7 29. Kc2 Kf6 30. Ra5 h5 31. b4 Ke7 32. a4 Kd6 33. c4 Kc6 34. Kc3 Kb6 35. c5+ Kc6 36. Kc4 Kc7 37. b5 Kb7 38. c6+ Kb6 39. Ra6+ Kc7 40. Kc5 f6 41. Rxa7+ Rxa7 42. b6+ Kb8 43. bxa7+ Kxa7 44. Kd6 Kb6 45. c7 Kb7 46. Kd7 e5 1-0

[Event "GER-ch Net blitz sf"]
[Site "Playchess.com INT"]
[Date "2021.06.05"]
[Round "5"]
[White "Koch, Yannick"]
[Black "Rudolph, Lukas"]
[Result "1/2-1/2"]
[WhiteElo "1921"]
[BlackElo "2072"]
[PlyCount "72"]
[EventDate "2021.06.05"]
[EventType "swiss (blitz)"]
[EventRounds "13"]
[EventCountry "GER"]
[SourceTitle "EXT 2023"]
[Source "ChessBase"]
[SourceDate "2022.10.05"]
[SourceVersion "1"]
[SourceVersionDate "2022.10.05"]
[SourceQuality "1"]

1. d4 d5 2. c4 c6 3. Nf3 e6 4. e3 f5 5. Nc3 Nf6 6. Bd3 Bd6 7. 0-0 Ne4 8. Qc2 0-0 9. Ne5 Nd7 10. f4 Ndf6 11. Bxe4 fxe4 12. Bd2 Bd7 13. Be1 Be8 14. Bh4 Qa5 15. c5 Bc7 16. a3 Bh5 17. b4 Qa6 18. a4 Bxe5 19. fxe5 Ng4 20. Qd2 Qc4 21. h3 Nh6 22. Be7 Rxf1+ 23. Rxf1 Qxb4 24. Rb1 Qc4 25. g4 Bg6 26. Rxb7 Nf7 27. Qb2 h5 28. Kf2 hxg4 29. hxg4 Nh6 30. Kg3 Qd3 31. Qc1 Qa6 32. Rb2 Qd3 33. Bg5 Nf7 34. Be7 Nh6 35. Bd6 Nf7 36. Be7 Nh6 1/2-1/2

[Event "GER-ch Net blitz qual4"]
[Site "Playchess.com INT"]
[Date "2021.05.10"]
[Round "6"]
[White "Rudolph, Lukas"]
[Black "Dittrich, Gunnar"]
[Result "1-0"]
[WhiteElo "1969"]
[BlackElo "1774"]
[PlyCount "39"]
[EventDate "2021.05.10"]
[EventType "swiss (blitz)"]
[EventRounds "11"]
[EventCountry "GER"]
[SourceTitle "CBM 202 Extra"]
[Source "ChessBase"]
[SourceDate "2021.07.31"]
[SourceVersion "1"]
[SourceVersionDate "2021.07.31"]
[SourceQuality "1"]

1. e4 d5 2. exd5 Qxd5 3. Nc3 Qa5 4. Bc4 Nf6 5. d3 c6 6. Nge2 Bg4 7. f3 Bh5 8. 0-0 e6 9. Ng3 Bg6 10. f4 Bd6 11. f5 Bxg3 12. fxg6 Bxh2+ 13. Kxh2 hxg6+ 14. Kg1 Nbd7 15. Be3 Qe5 16. Qf3 0-0-0 17. Bf4 Qd4+ 18. Rf2 Nb6 19. Ba6 Rh5 20. Qxc6# 1-0

[Event "GER-ch Net blitz qual4"]
[Site "Playchess.com INT"]
[Date "2021.05.10"]
[Round "4"]
[White "Yankelevich, Lev"]
[Black "Rudolph, Lukas"]
[Result "1-0"]
[WhiteElo "2117"]
[BlackElo "1969"]
[PlyCount "35"]
[EventDate "2021.05.10"]
[EventType "swiss (blitz)"]
[EventRounds "11"]
[EventCountry "GER"]
[SourceTitle "CBM 202 Extra"]
[Source "ChessBase"]
[SourceDate "2021.07.31"]
[SourceVersion "1"]
[SourceVersionDate "2021.07.31"]
[SourceQuality "1"]

1. d4 d5 2. c4 c6 3. cxd5 cxd5 4. Nc3 Nc6 5. Bf4 Nf6 6. e3 e6 7. Bd3 Bd6 8. Bxd6 Qxd6 9. f4 a6 10. Nf3 Nb4 11. Bb1 Bd7 12. 0-0 0-0 13. Ne5 Bb5 14. Rf3 Nd7 15. Bxh7+ Kxh7 16. Rh3+ Kg8 17. Qh5 Rfc8 18. Qh8# 1-0

[Event "Frankfurt-chA"]
[Site "Frankfurt"]
[Date "2017.05.22"]
[Round "5"]
[White "Illenberger, Dirk"]
[Black "Rudolph, Lukas"]
[Result "0-1"]
[WhiteElo "1737"]
[BlackElo "1914"]
[PlyCount "44"]
[EventDate "2017.04.24"]
[EventType "swiss"]
[EventRounds "7"]
[EventCountry "GER"]
[SourceTitle "EXT 2018"]
[Source "ChessBase"]
[SourceDate "2017.10.13"]
[SourceVersion "1"]
[SourceVersionDate "2017.10.13"]
[SourceQuality "1"]

1. e4 d5 2. exd5 Qxd5 3. Nc3 Qa5 4. Bc4 c6 5. Qe2 Nf6 6. d3 Bg4 7. f3 Bf5 8. g4 Bg6 9. Bd2 Qc7 10. a4 Nbd7 11. f4 h6 12. f5 Bh7 13. Nf3 Nxg4 14. Bxf7+ Kxf7 15. Qe6+ Ke8 16. 0-0-0 Nf2 17. Rde1 Nxh1 18. Ne4 Bg8 19. Qg6+ Kd8 20. Rxh1 Nf6 21. Be1 Qf4+ 22. Nfd2 Qg4 0-1

[Event "Rheinland Pfalz op 5th"]
[Site "Worms"]
[Date "2013.06.01"]
[Round "5"]
[White "Rudolph, Lukas"]
[Black "Karsay, Pascal"]
[Result "1/2-1/2"]
[WhiteElo "1946"]
[BlackElo "1693"]
[PlyCount "45"]
[EventDate "2013.05.30"]
[EventType "swiss"]
[EventRounds "7"]
[EventCountry "GER"]
[SourceTitle "EXT 2014"]
[Source "ChessBase"]
[SourceDate "2013.11.20"]
[SourceVersion "1"]
[SourceVersionDate "2013.11.20"]
[SourceQuality "1"]

1. e4 e5 2. Nf3 Nf6 3. Nc3 d6 4. d4 Nbd7 5. Be3 Be7 6. Qd2 c6 7. Bd3 Qc7 8. 0-0 0-0 9. h3 b5 10. Ne2 a5 11. Ng3 Rd8 12. Nf5 Bf8 13. Nh2 exd4 14. Nxd4 d5 15. Bf4 Bd6 16. Bxd6 Qxd6 17. Nf5 Qf8 18. exd5 Nxd5 19. Qg5 N7f6 20. Nf3 Bxf5 21. Bxf5 h6 22. Qh4 Qb4 23. Qxb4 1/2-1/2

[Event "Hessen-chA"]
[Site "Offenbach"]
[Date "2012.04.05"]
[Round "4"]
[White "Goloborodko, Dimitri"]
[Black "Rudolph, Lukas"]
[Result "1-0"]
[WhiteElo "2131"]
[BlackElo "1954"]
[PlyCount "47"]
[EventDate "2012.04.05"]
[EventType "swiss"]
[EventRounds "7"]
[EventCountry "GER"]
[SourceTitle "EXT 2013"]
[Source "ChessBase"]
[SourceDate "2012.11.22"]
[SourceVersion "1"]
[SourceVersionDate "2012.11.22"]
[SourceQuality "1"]

1. d4 d5 2. c4 c6 3. Nf3 e6 4. Nc3 dxc4 5. a4 Bb4 6. e3 b5 7. Ne5 Bb7 8. Bd2 a5 9. Qg4 g6 10. Be2 Nd7 11. Qf4 Nxe5 12. Qxe5 Qf6 13. Qxf6 Nxf6 14. axb5 cxb5 15. Nxb5 Bxd2+ 16. Kxd2 Kd7 17. f3 Rhb8 18. Nc3 Bc6 19. Rhb1 Rb4 20. Na2 Ra4 21. Bd1 c3+ 22. Kxc3 Nd5+ 23. Kd2 Rc4 24. b3 1-0

[Event "Hessen-chA"]
[Site "Offenbach"]
[Date "2012.04.05"]
[Round "1"]
[White "Rudolph, Lukas"]
[Black "Haftmann, Rainer"]
[Result "0-1"]
[WhiteElo "1954"]
[BlackElo "1944"]
[PlyCount "54"]
[EventDate "2012.04.05"]
[EventType "swiss"]
[EventRounds "7"]
[EventCountry "GER"]
[SourceTitle "EXT 2013"]
[Source "ChessBase"]
[SourceDate "2012.11.22"]
[SourceVersion "1"]
[SourceVersionDate "2012.11.22"]
[SourceQuality "1"]

1. e4 e5 2. Nf3 Nc6 3. Bc4 Be7 4. d4 d6 5. Nc3 Nf6 6. d5 Nb8 7. h3 a6 8. a4 b6 9. 0-0 0-0 10. Nh2 Nbd7 11. Qe2 a5 12. Be3 Nc5 13. Bxc5 bxc5 14. Bb5 Bd7 15. Rfb1 g6 16. Nf1 Nh5 17. Ne3 Bg5 18. Ncd1 Nf4 19. Qe1 Qe8 20. Bxd7 Qxd7 21. Nc4 f5 22. Nxa5 fxe4 23. Nc6 Nxd5 24. Na5 Nb4 25. Nb3 Nxc2 26. Qxe4 Nxa1 27. Rxa1 Rab8 0-1

[Event "Hessen-ch Gr-D"]
[Site "Idstein"]
[Date "2009.04.10"]
[Round "1"]
[White "Gunde, Thomas"]
[Black "Rudolph, Lukas"]
[Result "0-1"]
[WhiteElo "1575"]
[BlackElo "1723"]
[PlyCount "56"]
[EventDate "2009.04.10"]
[EventType "swiss"]
[EventRounds "5"]
[EventCountry "GER"]
[SourceTitle "EXT 2010"]
[Source "ChessBase"]
[SourceDate "2010.11.25"]
[SourceVersion "1"]
[SourceVersionDate "2010.11.25"]
[SourceQuality "1"]

1. d4 d5 2. c4 e6 3. cxd5 exd5 4. Nc3 Nf6 5. Bg5 c6 6. Qc2 h6 7. Bh4 Be7 8. e3 0-0 9. Bd3 Re8 10. Nge2 Qc7 11. Bg3 Bd6 12. Bxd6 Qxd6 13. h3 Be6 14. 0-0 g5 15. Rab1 h5 16. b4 h4 17. b5 b6 18. bxc6 Nxc6 19. Bf5 Nb4 20. Nb5 Qe7 21. Rxb4 Qxb4 22. Bxe6 Rxe6 23. Nec3 Qc4 24. Qf5 a6 25. Qxg5+ Kf8 26. Qxh4 axb5 27. Qh8+ Ng8 28. Ne2 Qxe2 0-1